[Event "45th Olympiad 2024"]
[Site "Budapest HUN"]
[Date "2024.09.21"]
[Round "10.45"]
[Board "3"]
[White "Kaoma, Micheal"]
[Black "Meftahi, Houssem"]
[Result "0-1"]
[WhiteElo "2161"]
[BlackElo "2112"]
[PlyCount "82"]
[EventDate "2024.09.11"]
[WhiteTeam "Zambia"]
[BlackTeam "Tunisia"]
[WhiteTeamCountry "ZAM"]
[BlackTeamCountry "TUN"]

1. d4 {Krasenkow,Michal} d5 2. c4 e6 3. Nc3 Nf6 4. Nf3 Be7 5. Qd3 ({RR} 5. g4 O-O ({RR} 5... h6 6. cxd5 exd5 7. h3 c6 ({RR} 7... c5) 8. Ne5 Nfd7 9. Nd3 Nf8 10. Bg2 Ng6 11. Rg1 Nd7 12. Qc2 h5 13. Nf4 Nxf4 14. Bxf4 hxg4 15. hxg4 Nf8 16. O-O-O Ng6 17. Bd2 Bf6 18. e4 Bxg4 19. Rde1 Bxd4 20. exd5+) ({RR} 5... dxc4 6. e4 Bb4 7. Qc2 c5 8. a3 Qa5 9. axb4 Qxa1 10. Bxc4 Nc6 11. bxc5 Nb4 12. Qd1 O-O 13. g5 Nd7 14. O-O Qa5 15. e5) ({RR} 5... c5 6. g5 ({RR} 6. dxc5) 6... Ne4 7. cxd5 Nxc3 ({RR} 7... exd5) 8. bxc3 Qxd5 9. Rg1 ({RR} 9. Bg2) 9... cxd4 10. cxd4 Nc6 11. Bg2 O-O 12. h4 Rd8 13. e3 Qf5 14. Qe2 Nb4) 6. g5 ({RR} 6. Rg1 c5 7. dxc5 Bxc5 8. e3 Ne4 9. Nxe4 dxe4 10. Qxd8 Rxd8 11. a3 exf3) ({RR} 6. Qc2 dxc4 ({RR} 6... Nc6 7. g5 Nh5 8. e3 Bxg5 9. Rg1 Be7 10. a3 Kh8 11. Bd2 f5 12. O-O-O Nf6 13. Ng5 a6 14. f4) ({RR} 6... Nxg4 7. Rg1 f5 8. h3 Nf6 9. Bh6 Nh5 10. e3 Kh8 11. Bg5 Nf6 12. O-O-O Nc6 13. Ne5 Ne4 14. Bxe7 Qxe7 15. Nxc6 bxc6 16. f4 Nxc3 17. Qxc3) 7. e4 Nc6 8. g5 Nd7 9. Bxc4 Nb6 10. Ne2 Bb4+ 11. Bd2 Bxd2+ 12. Kxd2 Nxd4 13. Nexd4 e5 14. Bd3 exd4 15. Rag1 Qe7 16. h4 c5 17. e5 g6 18. h5 c4) 6... Ne4 7. Qc2 ({RR} 7. h4 c5 8. Qc2 Nxc3 9. bxc3 Nc6 10. e3 f5 11. cxd5 Qxd5 12. Bg2 cxd4 13. exd4 e5 14. Qb3 Be6 15. Qxd5 Bxd5 16. O-O) 7... Nxg5 8. Bxg5 Bxg5 9. h4 ({RR} 9. Nxg5 Qxg5 10. h4) 9... Bh6 ({RR} 9... Be7 {RR} 10. Ng5 f5 11. cxd5 exd5 12. e4 fxe4 13. Nxd5 Kh8) ({RR} 9... Bf6) 10. e3 c6 11. Ng5 f5 ({RR} 11... g6 12. f4 Nd7) 12. Rg1 Qe7 13. O-O-O Nd7 14. f3 Nf6 15. Kb1 Kh8 16. Bd3 e5 ({RR} 16... Bd7 17. e4 fxe4 18. fxe4 dxc4 19. Bxc4 b5 20. Bb3 e5 21. dxe5 Qxe5 22. Nf7+ Rxf7 23. Bxf7 Bg4) 17. cxd5 Nxd5 18. Nxd5 cxd5 19. dxe5 Qxe5 {½-½ Mamedyarov,S (2761)-Ponomariov,R (2734) Dortmund SuperGM 38th 2010 (9)}) 5... O-O 6. e4 ({RR} 6. g3 dxc4 7. Qxc4 Nc6 8. Bg2 Nd5 9. O-O Nb6 10. Qd3 Bf6 11. Rd1 Qe7 12. Ne4 Nd5 13. Nxf6+ Nxf6 14. e4 h6 15. Bd2 Rd8 16. Bc3 b6 17. Qe2 Bb7 18. Ne1 Rac8 19. Nc2 Nb8 20. h4 c5 {1-0 Jugelt,T (2423)-Schreiter,T (2041) Berlin Spring op-A 2014 (1)}) 6... Nxe4 $146 ({RR} 6... dxe4 7. Nxe4 Nbd7 8. Bg5 Nxe4 9. Qxe4 Bxg5 10. Nxg5 Qxg5 11. Bd3 Nf6 12. h4 Qa5+ 13. Kf1 Nxe4 14. Bxe4 Qd2 15. d5 exd5 16. cxd5 Qxb2 17. Rb1 Qxa2 18. g4 Bxg4 19. h5 Qe2+ 20. Kg1 Qxe4 21. Rf1 {0-1 Di Simoni,R (1665)-Brito,P (1771) BRA-ch Amateur 2012 (4)}) ({RR} 6... dxe4 7. Nxe4 b6 8. Nxf6+ Bxf6 9. Qe4 c6 10. Bd3 g6 11. h4 Bb7 12. h5 Qe7 13. hxg6 fxg6 14. Qg4 Nd7 15. Bh6 {½-½ Moiseenko,I (2248)-Odnorozhenko,E (2305) Kostroma Spring 2013 (8)}) 7. Nxe4 dxe4 8. Qxe4 c5 9. dxc5 Nc6 10. a3 f5 11. Qe3 e5 12. Nxe5 f4 13. Qe2 Nd4 14. Qd1 Bg5 15. g3 Bf5 16. Bd3 Qe7 17. gxf4 Bxf4 18. Bxf4 Bxd3 19. Qxd3 Rxf4 20. O-O-O Qxe5 21. Qe3 Qxc5 22. Kb1 Qf5+ 23. Ka2 Nc6 24. Rd5 Qe4 25. Qxe4 Rxe4 26. c5 Rf8 27. Rd7 Rf7 28. Rhd1 Rxd7 29. Rxd7 Re7 30. Rd6 Rf7 31. b4 Rxf2+ 32. Kb3 a6 33. Rd7 Rf7 34. Rd3 Kf8 35. Kc3 Rf4 36. Rd7 Rf3+ 37. Kb2 Rf7 38. Rd3 Ke7 39. Kc3 Ne5 40. Rd5 Rf3+ 41. Kc2 Nc4 0-1

[Event "45th Olympiad 2024"]
[Site "Budapest HUN"]
[Date "2024.09.21"]
[Round "10.45"]
[Board "4"]
[White "Amdouni, Zoubaier"]
[Black "Hapaku, Charles"]
[Result "1/2-1/2"]
[WhiteElo "2151"]
[BlackElo "2102"]
[PlyCount "81"]
[EventDate "2024.09.11"]
[WhiteTeam "Tunisia"]
[BlackTeam "Zambia"]
[WhiteTeamCountry "TUN"]
[BlackTeamCountry "ZAM"]

1. e4 c5 2. Nc3 e6 3. f4 d5 4. Nf3 Nc6 5. Bb5 Nf6 6. Qe2 dxe4 7. Ne5 $146 ({RR} 7. Bxc6+ bxc6 8. Nxe4 Be7 9. d3 O-O 10. Ne5 Qc7 11. Nxf6+ Bxf6 12. O-O Bb7 13. b3 c4 14. bxc4 c5 15. Rb1 Rab8 16. Bb2 Ba8 17. Bc3 Rxb1 18. Rxb1 Rb8 19. Rb3 Rxb3 20. cxb3 Be7 21. Qe3 f6 {1-0 Kosanovic,G (2420)-Lekic,D (2420) YUG-ch sf Kladovo 1996}) ({RR} 7. Nxe4 Bd7 8. O-O a6 9. Bxc6 Bxc6 10. d3 Be7 11. b3 Qc7 12. Ne5 Nxe4 13. dxe4 Bf6 14. Bb2 b5 15. Rab1 Qb6 16. Kh1 Qb7 17. Nxc6 Bxb2 18. Rxb2 Qxc6 19. f5 O-O 20. f6 gxf6 21. Rxf6 Rad8 {½-½ Saran,V (1379)-Dong,F (1364) Famalicao op 6th 2018 (6)}) ({RR} 7. Bxc6+ bxc6 8. Nxe4 Be7 9. O-O O-O 10. Kh1 Nxe4 11. Qxe4 Qd5 12. Re1 Bf6 13. Ne5 Ba6 14. d3 Bxe5 15. fxe5 c4 16. dxc4 Bxc4 17. b3 Ba6 18. Qg4 f5 19. Qg3 Rad8 20. Be3 c5 21. c4 Qc6 {0-1 Potiomkin,O-Bachin,V (2426) RUS-Cup06 Tomsk 2001 (5)}) 7... Bd7 8. Bxc6 Bxc6 9. Nxc6 bxc6 10. Nxe4 Nxe4 11. Qxe4 Qd5 12. d3 Be7 13. c4 Qxe4+ 14. dxe4 O-O-O 15. Be3 Rd3 16. Ke2 Rhd8 17. Rhd1 Rxd1 18. Rxd1 Rxd1 19. Kxd1 Kb7 20. Kc2 Kc7 21. e5 h5 22. g3 g6 23. h3 Kd7 24. g4 Kc7 25. gxh5 gxh5 26. Kd3 a6 27. b3 Kb6 28. b4 a5 29. Bxc5+ Bxc5 30. bxc5+ Kxc5 31. Kc3 a4 32. a3 h4 33. Kd3 Kb6 34. Kd4 Kb7 35. Kc5 Kc7 36. Kb4 Kb6 37. Kc3 Kc5 38. Kd3 Kb6 39. Kd4 Kb7 40. Ke4 Kb6 41. Kd4 1/2-1/2

[Event "45th Olympiad 2024"]
[Site "Budapest HUN"]
[Date "2024.09.21"]
[Round "10.46"]
[Board "1"]
[White "Santos Flores, Alberto"]
[Black "Ortega Amarelle, Mariano"]
[Result "1/2-1/2"]
[WhiteElo "2168"]
[BlackElo "2453"]
[PlyCount "117"]
[EventDate "2024.09.11"]
[WhiteTeam "Ecuador"]
[BlackTeam "Cape Verde"]
[WhiteTeamCountry "ECU"]

1. d4 Nf6 2. c4 e6 3. Nf3 d5 4. Nc3 Bb4 5. cxd5 exd5 6. Bg5 O-O 7. e3 Bf5 8. Qb3 Bxc3+ 9. bxc3 Nbd7 10. Be2 c5 11. O-O c4 12. Qxb7 Qa5 13. Qb4 Qxb4 14. cxb4 Ne4 15. Bf4 $146 ({RR} 15. Be7 Rfe8 16. Bc5 Nc3 17. Rfe1 a5 18. a3 Nxc5 19. bxc5 Rab8 20. Bf1 Rb2 21. Ne5 f6 22. Nc6 Na4 23. Nxa5 c3 24. Nc6 c2 25. Nb4 Nc3 26. Rec1 Kf8 27. g4 Bg6 28. Ba6 Ra8 29. c6 Rxa6 {0-1 Paiva,D (2172)-Ortega,M (2482) ch-Africa 2024 (5.5)}) 15... a5 16. b5 Nc3 17. Rfe1 a4 18. Ne5 Nxe5 19. Bxe5 Nxb5 20. Rac1 f6 21. Bg3 Rfc8 22. f3 Bd3 23. Kf2 f5 24. Red1 Bxe2 25. Kxe2 Ra6 26. e4 fxe4 27. fxe4 Re6 28. Be5 Rxe5 29. dxe5 d4 30. e6 Kf8 31. Rf1+ Ke7 32. Rf7+ Kxe6 33. Rxg7 Nd6 34. Ra7 Rg8 35. g3 Rb8 36. Rxa4 Rb2+ 37. Kf3 d3 38. Rcxc4 Nxc4 39. Rxc4 Rxh2 40. Rd4 Rxa2 41. Rxd3 h5 42. Rb3 Rh2 43. Rb6+ Ke5 44. Rb5+ Ke6 45. Rf5 h4 46. g4 Rh1 47. Rh5 Kf6 48. e5+ Kg6 49. Kf4 Rf1+ 50. Ke4 Rh1 51. Kf3 Re1 52. Kf4 Rf1+ 53. Ke3 Re1+ 54. Kd4 Rh1 55. e6 Kf6 56. Rh6+ Kg5 57. Rh5+ Kf6 58. Rh6+ Kg5 59. Rh5+ 1/2-1/2

[Event "45th Olympiad 2024"]
[Site "Budapest HUN"]
[Date "2024.09.21"]
[Round "10.46"]
[Board "2"]
[White "Alho, Diogo"]
[Black "Noboa Silva, Kevin"]
[Result "0-1"]
[WhiteElo "2192"]
[BlackElo "2270"]
[PlyCount "78"]
[EventDate "2024.09.11"]
[WhiteTeam "Cape Verde"]
[BlackTeam "Ecuador"]
[BlackTeamCountry "ECU"]

1. d4 d5 2. c4 e6 3. Nc3 Nf6 4. Nf3 c5 5. cxd5 Nxd5 6. e3 Be7 7. Bd3 O-O 8. O-O Nc6 9. a3 cxd4 10. exd4 Nxc3 11. bxc3 Bf6 ({RR} 11... Qa5 12. Bd2 Bd7 13. h4 Rfd8 14. Ng5 h6 15. Qh5 Be8 16. Bh7+ Kf8 17. Rfe1 hxg5 18. Bd3 Bf6 19. Rab1 Nxd4 20. hxg5 Be5 21. Rxb7 g6 22. Qd1 Nf5 23. Bxf5 exf5 24. Qe2 Bc6 25. Rb4 Qd5 26. f3 {0-1 Dardha,D (2629)-Wu,D (2278) Titled Tue 9th Jul Late 2024 (6)}) 12. Qe2 Bd7 13. h4 Ne7 14. Ne5 $146 ({RR} 14. Ng5 g6 15. Ne4 Bg7 16. h5 Bc6 17. h6 Bh8 18. Bg5 Bxe4 19. Bxe4 Qd7 20. Qf3 Rac8 21. Bxb7 Rc7 22. Ba6 Nd5 23. c4 Ne7 24. Rad1 Nf5 25. d5 Nd4 26. Rxd4 Bxd4 27. Rd1 f6 28. Bb5 Qd6 {1-0 Anton Guijarro,D (2694)-Bruedigam,M (2386) Bundesliga 2122 2022 (8.3)}) 14... Bxe5 15. Qxe5 Bc6 16. Qg3 Qd5 17. Re1 f6 18. Bb1 Bb5 19. Be4 Qd7 20. Rb1 Bc6 21. Bc2 Bd5 22. Qd3 f5 23. c4 Bc6 24. Qe3 Rf7 25. Bb2 b5 26. cxb5 Bd5 27. a4 Rc8 28. Bb3 f4 29. Qd3 f3 30. Re5 Ng6 31. Rh5 Bxb3 32. Qxb3 Nf4 33. Re5 fxg2 34. Bc1 Qxd4 35. Bxf4 Qxf4 36. Qg3 Rc2 37. Qxf4 Rxf4 38. Rxe6 Rcxf2 39. Rb3 Ra2 0-1

[Event "45th Olympiad 2024"]
[Site "Budapest HUN"]
[Date "2024.09.21"]
[Round "10.46"]
[Board "3"]
[White "Garzon Zapatanga, Christopher Leonel"]
[Black "Vaz, Jose Carlos"]
[Result "1-0"]
[WhiteElo "2216"]
[BlackElo "1909"]
[PlyCount "47"]
[EventDate "2024.09.11"]
[WhiteTeam "Ecuador"]
[BlackTeam "Cape Verde"]
[WhiteTeamCountry "ECU"]

1. e4 {Edouard,Romain} e6 2. d4 d5 3. e5 c5 4. c3 Nc6 5. Nf3 Bd7 6. Bd3 f6 7. O-O Qc7 ({RR} 7... fxe5 8. dxe5 ({RR} 8. Nxe5 Nxe5 9. dxe5 Ne7 10. c4) 8... Nh6 9. c4 ({RR} 9. Bxh7 Rxh7 10. Ng5 Rh8 11. Qh5+ Ke7) ({RR} 9. Ng5 Nxe5 10. Bxh7 Qf6) 9... dxc4 ({RR} 9... d4 10. Bxh6 gxh6 11. Nfd2 Nxe5 12. Qh5+ Nf7 13. Ne4 Qe7 14. Nbd2) 10. Bxc4 ({RR} 10. Be4 Nf7 11. Na3) 10... Nf7 11. Re1 ({RR} 11. Qe2) 11... Be7 12. Bf4 ({RR} 12. Nc3) 12... Na5 ({RR} 12... g5 13. Bg3 h5 14. h3 Qb6) 13. Bd3 Bc6 14. Qe2 O-O ({RR} 14... g5 15. Bg3 h5 16. h3 g4 17. hxg4 hxg4 18. Nh2 Bh4 19. Qxg4 Bxg3 20. Qxg3 Qe7) 15. Bg3 ({RR} 15. Nbd2 g5 16. Be3 g4 17. Nd4 cxd4 18. Qxg4+ Kh8 19. Qh5) 15... Nh6 16. Nbd2 Bd5 17. Be4 Nc6 ({RR} 17... Nf5 18. Rad1 Qb6) 18. Rad1 Nf5 19. Nc4 Ncd4 20. Nxd4 Nxd4 21. Qd3 Bxe4 22. Rxe4 {½-½ Lopez Martinez,J (2555)-Edouard,R (2657) Barcelona Casino 18th 2013 (4)}) ({RR} 7... Qb6 8. Na3 cxd4 9. cxd4 Nb4 10. Be2 f5 11. Bd2 Nh6 12. Bxh6 gxh6 13. Nc2 Rg8 14. Nxb4 Qxb4 15. Rc1 Be7 16. Ne1 Qxb2 17. Bh5+ Kd8 18. Rb1 Qxa2 19. Rxb7 Qa6 20. Qb1 Bb5 21. Rxb5 Rc8 22. Nd3 {1-0 Koshulyan,E (2226)-Klimkowski,J (2505) Titled Tue 23rd Apr Early 2024 (7)}) 8. Bf4 O-O-O 9. Nbd2 c4 $146 ({RR} 9... Nh6 10. Bg3 f5 11. Re1 Nf7 12. Bxf5 g5 13. Bd3 g4 14. Nh4 cxd4 15. cxd4 Nxd4 16. Qxg4 Nc6 17. Rac1 Bh6 18. Nhf3 Rhg8 19. Qh5 Rg7 20. Rc2 Qb6 21. Nb3 Kb8 22. Rc5 Qb4 23. Rb5 Qf8 24. Bh4 {1-0 Fullbrook,N (2275)-Barbeau,R Vancouver op 1986 (4)}) 10. Bc2 Be8 11. b3 cxb3 12. axb3 Bh5 13. Qb1 fxe5 14. Nxe5 Nxe5 15. Bxe5 Bd6 16. Bxd6 Qxd6 17. Rxa7 Kc7 18. c4 Qb4 19. Qc1 Ne7 20. cxd5 Kb8 21. Ra4 Qb5 22. dxe6 Rc8 23. Nc4 Rcf8 24. Qa3 1-0

[Event "45th Olympiad 2024"]
[Site "Budapest HUN"]
[Date "2024.09.21"]
[Round "10.46"]
[Board "4"]
[White "Barros, Luis"]
[Black "Munoz Sanchez, Miguel"]
[Result "0-1"]
[WhiteElo "1814"]
[BlackElo "2181"]
[PlyCount "80"]
[EventDate "2024.09.11"]
[WhiteTeam "Cape Verde"]
[BlackTeam "Ecuador"]
[BlackTeamCountry "ECU"]

1. e4 c5 2. Nf3 e6 3. c4 Nc6 4. Nc3 a6 5. Be2 g6 6. d4 cxd4 7. Nxd4 Bg7 8. Be3 Nge7 9. Qd2 ({RR} 9. O-O O-O 10. Nxc6 bxc6 11. Na4 d5 12. Bb6 Qe8 13. exd5 cxd5 14. Bc5 Bb7 15. Bf3 Rd8 16. Qc2 Bc6 17. Nb6 Bf6 18. cxd5 Bxd5 19. Bxd5 exd5 20. Rae1 Qc6 21. b4 Rfe8 22. Qd3 d4 23. a4 a5 {1-0 Paehtz,E (2399)-Macieja,B (2653) ACP Blitz Prelim3 3rd 2004 (14)}) 9... O-O 10. O-O f5 ({RR} 10... b6 11. Rfd1 Bb7 12. Rac1 Rc8 13. b3 Qc7 14. Ncb5 axb5 15. cxb5 Bxd4 16. Bxd4 Nxd4 17. Rxc7 Nxe2+ 18. Qxe2 Rxc7 19. Qe3 Nc8 20. a4 d6 21. h4 Rc5 22. Rc1 Rxc1+ 23. Qxc1 Bxe4 24. b4 Ne7 25. Qc7 {1-0 Baskakov,E (2215)-Al Tarbosh,W (2254) Titled Tue 18th Jul Early 2023 (9)}) 11. Nxc6 $146 ({RR} 11. exf5 gxf5 12. Rfd1 Qe8 13. f4 Kh8 14. c5 Nb4 15. Bf3 Rb8 16. a3 Nbc6 17. Rac1 Ng8 18. b4 Nf6 19. h3 Qg6 20. Nde2 Rg8 21. Qd6 Bf8 22. Qd3 h5 23. Kf1 Kh7 24. Na4 Ne7 25. Nb6 Ne4 {1-0 Gomez,H (1511)-Uchest,E Cabure-ch Gobernadora de Falcon 2012 (6)}) 11... Nxc6 12. exf5 gxf5 13. Bc5 Rf6 14. f4 b6 15. Bf2 Qc7 16. Na4 Rb8 17. Rad1 b5 18. cxb5 axb5 19. Nc5 d5 20. Rfe1 Bh6 21. g3 Rg6 22. Kh1 Bf8 23. Rc1 Qd6 24. Bf3 Bg7 25. Nd3 Bd7 26. Bc5 Qc7 27. Ba3 Qb6 28. Nc5 Be8 29. Rxe6 Rxe6 30. Nxe6 b4 31. Nxg7 Kxg7 32. Qxd5 bxa3 33. b3 Rd8 34. Qe6 Qb5 35. h4 Bd7 36. Bxc6 Bxc6+ 37. Qxc6 Rd1+ 38. Kh2 Qe2+ 39. Kh3 Qf1+ 40. Kh2 Rd2+ 0-1

[Event "45th Olympiad 2024"]
[Site "Budapest HUN"]
[Date "2024.09.21"]
[Round "10.47"]
[Board "1"]
[White "Wiedenkeller, Michael"]
[Black "Ferster, Fabian"]
[Result "0-1"]
[WhiteElo "2406"]
[BlackElo "2184"]
[PlyCount "72"]
[EventDate "2024.09.11"]
[WhiteTeam "Luxembourg"]
[BlackTeam "Liechtenstein"]
[WhiteTeamCountry "LUX"]
[BlackTeamCountry "LIE"]

1. d4 d5 2. c4 e6 3. Nf3 Nf6 4. g3 dxc4 5. Bg2 Bd7 6. Ne5 Bc6 7. Nxc6 Nxc6 8. O-O Qd7 9. e3 O-O-O 10. Qf3 ({RR} 10. Nd2 e5 11. Nxc4 exd4 12. Qa4 Qe6 13. exd4 Rxd4 14. b3 Ne4 15. Be3 Nc3 16. Bxc6 Nxa4 17. Bxa4 Rd8 18. Rfc1 Kb8 19. b4 Be7 20. Bb3 Qf5 21. Bf4 Bd6 22. Nxd6 cxd6 23. Rd1 Qf6 24. Rd5 Qxa1+ {0-1 Matlakov,M (2718)-Moiseenko,A (2660) Titled Tuesday intern op 2nd Jan blitz 2018 (8)}) ({RR} 10. Nd2 e5 11. Nxc4 exd4 12. Qb3 Nd5 13. Rd1 Bc5 14. Bd2 Qe6 15. Na5 Nxa5 16. Bxa5 Bb6 17. Bxb6 Nxb6 18. Qxe6+ fxe6 19. exd4 Rd6 20. Bh3 Kd7 21. Re1 Rf8 22. Re4 Rf6 23. Rae1 Nd5 24. f4 c6 {½-½ Kourkoulos Arditis,S (2574)-Makridis,D (2328) 51st TCh-GRE 2024 (7.41)}) 10... Nd5 11. Rd1 f5 12. Qe2 $146 ({RR} 12. Nc3 Bb4 13. Bd2 h5 14. Rac1 h4 15. Nxd5 exd5 16. Bxb4 Nxb4 17. Rxc4 Nc6 18. Rc5 Ne7 19. Rdc1 c6 20. b4 Kb8 21. Qd1 hxg3 22. hxg3 g5 23. f4 gxf4 24. exf4 Rh6 25. Qd3 Rg6 26. Re1 Rdg8 {½-½ Ootes,L (2219)-Miedema,D (2370) NED-ch U21 Venlo 2009 (4)}) 12... h5 13. Qxc4 h4 14. Nd2 hxg3 15. hxg3 g5 16. Nf1 Qf7 17. Qe2 Bd6 18. e4 fxe4 19. Bxe4 Qf6 20. Qf3 Nf4 21. Bxf4 gxf4 22. Bxc6 bxc6 23. Rac1 Qh6 24. Qg2 Rdf8 25. Rc3 Rf5 26. g4 Rg5 27. f3 e5 28. Qh2 Qxh2+ 29. Nxh2 exd4 30. Rxc6 Bc5 31. Kg2 Re5 32. Rd2 d3 33. Rxd3 Re2+ 34. Kf1 Rexh2 35. Rxc5 Rh1+ 36. Kg2 R8h2# 0-1

[Event "45th Olympiad 2024"]
[Site "Budapest HUN"]
[Date "2024.09.21"]
[Round "10.47"]
[Board "2"]
[White "Heron, Andrew"]
[Black "Berend, Fred"]
[Result "0-1"]
[WhiteElo "2026"]
[BlackElo "2230"]
[PlyCount "50"]
[EventDate "2024.09.11"]
[WhiteTeam "Liechtenstein"]
[BlackTeam "Luxembourg"]
[WhiteTeamCountry "LIE"]
[BlackTeamCountry "LUX"]

1. e4 c5 2. Nf3 g6 3. c4 Bg7 4. d4 d6 5. Nc3 Bg4 6. dxc5 Bxf3 ({RR} 6... dxc5 7. Qxd8+ Kxd8 8. Be3 Bxc3+ 9. bxc3 b6 10. Ne5 Be6 11. a4 a5 12. Be2 f6 13. Nd3 Bxc4 14. Nf4 Bxe2 15. Kxe2 Nd7 16. Rhd1 Kc7 17. Ne6+ Kc6 18. Ra2 h5 19. Rad2 Nf8 20. Nd8+ Kc7 21. e5 {0-1 Sjugirov,S (2695)-Carlsen,M (2830) Titled Tue 20th Feb Late 2024 (9)}) 7. Qxf3 ({RR} 7. gxf3 dxc5 8. Qxd8+ Kxd8 9. Bd2 Nc6 10. O-O-O Ke8 11. Nb5 Rc8 12. Bf4 a6 13. Nc7+ Kf8 14. Bh3 e6 15. Bd6+ Nge7 16. Rd2 Be5 17. Nxe6+ fxe6 18. Bxe6 Bxd6 19. Rxd6 Rd8 20. Rhd1 Ke8 21. Bd7+ Kf7 {0-1 Latreche,K (1905)-Ankerst,M (2377) Titled Tue 2nd Jan Early 2024 (5)}) 7... dxc5 8. Be2 Nc6 9. Bf4 $146 ({RR} 9. O-O Nd4 10. Qh3 Qc8 11. Bg4 e6 12. f4 h5 13. Bf3 Nh6 14. Qg3 O-O 15. f5 exf5 16. Nd5 Kh7 17. e5 Ng4 18. Bf4 Qd8 19. Bxg4 fxg4 20. Qd3 Ne6 21. Rae1 Nxf4 22. Rxf4 Qg5 23. Nf6+ Kh8 {0-1 Toth,D (2118)-Eberth,Z (2270) Bader Memorial op 1999 (7)}) ({RR} 9. O-O Nd4 10. Qg3 e6 11. Bd1 Ne7 12. Ba4+ Kf8 13. Bf4 Rc8 14. Rab1 Kg8 15. Kh1 h6 16. Rfd1 Kh7 17. Rd2 g5 18. Be3 Ng6 19. f4 gxf4 20. Bxf4 Nxf4 21. Qxf4 Qg5 22. Rf2 Rhf8 23. Rbf1 Kg8 {0-1 Mamedov,R-Korsunsky,R (2390) AZE Azerbaijan 1990}) 9... Nd4 10. Qd3 e6 11. e5 Ne7 12. Bf3 Qc7 13. O-O Bxe5 14. Bxe5 Qxe5 15. Bxb7 Rb8 16. Rfe1 Qc7 17. Ba6 Rxb2 18. Bb5+ Nxb5 19. Nxb5 Qf4 20. Nd6+ Kf8 21. Ne4 Nc6 22. g3 Qe5 23. Ng5 Qf5 24. Qd6+ Kg7 25. f4 Qc2 0-1

[Event "45th Olympiad 2024"]
[Site "Budapest HUN"]
[Date "2024.09.21"]
[Round "10.47"]
[Board "3"]
[White "Mertens, Marc"]
[Black "Frick, Renato"]
[Result "0-1"]
[WhiteElo "2120"]
[BlackElo "1925"]
[PlyCount "68"]
[EventDate "2024.09.11"]
[WhiteTeam "Luxembourg"]
[BlackTeam "Liechtenstein"]
[WhiteTeamCountry "LUX"]
[BlackTeamCountry "LIE"]

1. e4 {Boensch,Uwe} c5 2. Nf3 d6 3. d4 cxd4 4. Nxd4 Nf6 5. Nc3 g6 6. g3 Nc6 7. Bg2 ({RR} 7. Nde2 Bg7 8. Bg2 O-O 9. O-O Rb8 10. a4 a6 11. Nd5 b5 12. axb5 axb5 13. Be3 b4 14. Ra2 Ng4 15. Bg5 h6 16. Bc1 e6 17. Ne3 b3) 7... Nxd4 8. Qxd4 Bg7 9. O-O O-O 10. h3 ({RR} 10. Qd3 Be6 11. Nd5 Rc8 12. c3 Re8 13. Bg5 Ng4 14. Rad1 h6 15. Bc1 Qa5 16. a3 Bd7 17. Qe2 Ne5 18. Rfe1 Ba4) ({RR} 10. a4 Be6 11. Qb4 Qc7 12. a5 Nd7 13. Bd2 ({RR} 13. Nd5 Bxd5 14. exd5 Qxc2 15. Bg5 Qxb2 16. Qxb2 Bxb2 17. Bxe7 Bxa1 18. Rxa1 Rfe8) ({RR} 13. Bg5 Rfe8 14. Rfc1 Ne5 15. Nd5 Qd7) ({RR} 13. Be3 Bxc3 14. bxc3 Ne5 15. f4 Nc4 16. Bd4 f6 17. Rfe1) 13... Rfe8 14. Rfc1 Ne5 15. Nd5 Qd7 16. Qa4 Rac8 17. Bc3 Bh3 18. Qxd7 Bxd7 19. f4) 10... Be6 ({RR} 10... Qa5 11. Qd1 Be6 12. a4 Rac8 13. Re1 Rfe8 14. Bd2 Qb4 15. e5 dxe5 16. Rxe5 Qd4 17. Rb5 b6) 11. Qd1 b5 ({RR} 11... Qc8 12. Kh2 Qc4 13. a4 Rac8 14. a5 Nd7 15. Ra3 Qc7 16. f4 Bxc3 17. Rxc3 ({RR} 17. bxc3 Qc5) 17... Qxa5 18. f5 Bc4 ({RR} 18... gxf5 19. exf5 Bxf5 ({RR} 19... Rxc3 20. fxe6) 20. Bh6 Rxc3 21. bxc3 Bg6 ({RR} 21... Rc8 22. Qh5 Rc5 23. Rxf5 Rxf5 24. Qg4+) 22. Bxf8 Kxf8) 19. Rf4 Ba6 20. fxg6 hxg6 ({RR} 20... fxg6 21. Qg4) 21. Rh4 Rxc3 22. Bd2 Rfc8 23. Bxc3 Rxc3 24. Qd2 Qe5 ({RR} 24... Nf6 25. Qh6 ({RR} 25. bxc3 g5 26. Rh6 Kg7) ({RR} 25. Qxc3 Qxc3 26. bxc3 g5 27. Rh6 Kg7) 25... Nh5 26. bxc3 Qxc3) 25. bxc3 Bc4 26. Qh6 {0-1 Makarichev,S (2540)-Svidler,P (2635) RUS-ch Elista 1995 (2)} ({RR} 26. Qd4 Qxd4 27. cxd4 e5)) ({RR} 11... Qc7 12. Nd5 Bxd5 ({RR} 12... Nxd5 13. exd5 Bf5 14. c3 b5 15. Qe2 Rab8 16. Bg5 Rfe8 17. Qd2 h5 18. Rfe1 a5 19. Rac1) 13. exd5 b5 14. Re1 Rfe8 15. c3 Rab8 ({RR} 15... a5) 16. Bg5 h6 17. Be3 Nd7 18. Qd2) ({RR} 11... Rc8 12. Be3 a6 13. Qd2 b5 14. a3 Bc4 15. Rfe1 a5 16. Rab1 b4 17. axb4 axb4 18. Nd5 Bxd5 19. exd5 Qc7 20. Rbc1 Qc4 21. c3 bxc3 22. Rxc3 Qb5 23. Rec1 Rxc3 24. Rxc3 Rb8 25. Rc2 Nd7 26. Bd4 {½-½ Wang,A (1911)-Vila Dupla,A (2042) Titled Tue 21st May Late 2024 (10)}) 12. Nd5 Rb8 $146 ({RR} 12... Nxd5 13. exd5 Bf5 14. c3 a5 15. a3 Qc8 16. Kh2 Re8 17. Re1 Rb8 18. Be3 b4 19. axb4 axb4 20. Bd4 Qc4 21. b3 Qd3 22. Qxd3 Bxd3 23. Bxg7 Kxg7 24. Re3 Bc2 25. cxb4 Rxb4 26. Rc1 Bxb3 {½-½ Porubszky Angyalosine,M (2120)-Madl,I (2430) HUN-ch (Women) 1993 (4)}) 13. c3 Qd7 14. Kh2 a5 15. Be3 Bxd5 16. exd5 e6 17. dxe6 fxe6 18. f4 Qc7 19. Re1 Rfe8 20. Bd4 e5 21. Be3 Kh8 22. Qd2 Nh5 23. Rad1 exf4 24. gxf4 Bh6 25. Rf1 Re7 26. Bd5 Rbe8 27. Bd4+ Bg7 28. Rf2 Nf6 29. Kg2 h6 30. Bxf6 Bxf6 31. Qd3 Qc5 32. Kf1 Bh4 33. Rdd2 Bxf2 34. Rxf2 Qe3 0-1

[Event "45th Olympiad 2024"]
[Site "Budapest HUN"]
[Date "2024.09.21"]
[Round "10.47"]
[Board "4"]
[White "Schadler, Martin"]
[Black "Gengler, Pierre"]
[Result "0-1"]
[WhiteElo "1891"]
[BlackElo "2097"]
[PlyCount "90"]
[EventDate "2024.09.11"]
[WhiteTeam "Liechtenstein"]
[BlackTeam "Luxembourg"]
[WhiteTeamCountry "LIE"]
[BlackTeamCountry "LUX"]

1. d4 g6 2. c4 Bg7 3. Nc3 c5 4. d5 Bxc3+ 5. bxc3 e5 6. e4 ({RR} 6. h4 d6 7. h5 Kd7 8. e4 Kc7 9. a4 g5 10. h6 a5 11. Ne2 f6 12. Ng3 Qf8 13. Qh5 Ne7 14. Be2 Rg8 15. Rb1 b6 16. Nf1 Bd7 17. Bd1 Qe8 18. Qxe8 Bxe8 19. g3 Bg6 20. Bc2 Nd7 {0-1 Ter Sahakyan,S (2609)-Sadhwani,R (2624) chess.com SpeedChess Q1Sw 2023 (8)}) 6... d6 7. Bd3 Qe7 8. Nf3 $146 ({RR} 8. Ne2 f5 9. exf5 gxf5 10. Ng3 Qf7 11. Qc2 Ne7 12. Rb1 Qg6 13. O-O O-O 14. f4 e4 15. Be2 Nd7 16. Rf2 Nf6 17. Nf1 Rf7 18. Ne3 Rg7 19. a4 Rb8 20. a5 Qh6 21. g3 Bd7 22. Rg2 Kf7 {0-1 Fuhrmann,D (2286)-Telljohann,S (2421) Oberliga Ost-B 0405 2004 (6.3)}) ({RR} 8. Ne2 Nd7 9. O-O h5 10. Qc2 Nf8 11. f4 f6 12. Bd2 Rh7 13. Rab1 Kd8 14. a4 Kc7 15. a5 h4 16. Rb2 h3 17. g3 Nh6 18. fxe5 fxe5 19. Qb3 Ng4 20. Nc1 Rf7 21. Na2 Nh7 22. Bc1 Rxf1+ {0-1 Ward,I (2043)-Goncalves,S (2209) Titled Tue 4th Jun Late 2024 (3)}) ({RR} 8. Ne2 f5 9. exf5 gxf5 10. Ng3 Qf7 11. f4 e4 12. Bxe4 fxe4 13. Nxe4 Qg6 14. O-O Ne7 15. Re1 Rg8 16. Ng3 Bg4 17. f5 Bxf5 18. Bf4 Kd8 19. Qd2 Nd7 20. Qe3 Nc8 21. Bxd6 Nxd6 22. Qe7+ Kc7 {0-1 Bruemmer,F-Telljohann,S (2425) NRW-ch Muenster 1996 (8)}) 8... h5 9. Qc2 Nd7 10. Bg5 f6 11. Be3 Nf8 12. Rb1 g5 13. Qa4+ Qd7 14. Qxd7+ Kxd7 15. h3 Kc7 16. Kd2 Ne7 17. Nh2 h4 18. f3 Nfg6 19. Ng4 Bxg4 20. fxg4 Nf4 21. Rbg1 Neg6 22. Be2 Rhb8 23. Bxf4 Nxf4 24. g3 hxg3 25. Rxg3 Rh8 26. Ke3 Rh7 27. Rh2 a6 28. Bf1 Rb8 29. Rb2 Rbh8 30. a4 Nxh3 31. Bxh3 Rxh3 32. Rbg2 Kb6 33. Kf3 Ka5 34. Rb2 b6 35. Ra2 Rh1 36. Ke3 Re1+ 37. Kd3 Rhh1 38. Rf3 Rd1+ 39. Rd2 Rc1 40. Rc2 Rcg1 41. Rcf2 Rxg4 42. Rxf6 Rh3+ 43. Kd2 Rxe4 44. Rxd6 Rxc4 45. Rff6 Rxa4 0-1